000
00256nam a2200109Ia 4500
008
220204s9999 xx 000 0 und d
082
_a
82-3
_b
KAM
100
_a
Kamala Nair
245
0
_a
Home
260
_a
New Delhi
_b
Childrens Book Trust
_c
1965
942
_c
BK
999
_c
31486
_d
31486